Emma Roberts Filmography - Statistics

General Stats
  • This quiz has been taken 90 times
    6 since last reset
  • The average score is 15 of 68
Answer Stats
Type Year Name % Correct
TV Show 2013-Present American Horror Story
50%
TV Show 2013 Family Guy
50%
Film 2018 Little Italy
50%
Film 2011 Scream 4
50%
TV Show 2015-2016 Scream Queens
50%
Film 2006 Aquamarine
33%
Film 2020 Holidate
33%
Film 2024 Madame Web
33%
Film 2007 Nancy Drew
33%
Film 2016 Nerve
33%
Film 2025 Saurus City
33%
Film 2020 The Hunt
33%
Web Series 2023, 2024 The Kardashians
33%
Film TBA The Technique
33%
Film 2010 Valentine's Day
33%
Film 2013 We're the Millers
33%
Film 2010 4.3.2.1.
17%
Film 2022 Abandoned
17%
Film 2022 About Fate
17%
Film 2013 Adult World
17%
Film 2001 America's Sweethearts
17%
Film TBA A Murder Uncorked
17%
Short Film 2001 BigLove
17%
Film 2018 Billionaire Boys Club
17%
Film 2001 Blow
17%
TV Show 2023 Celebrity IOU
17%
Film 2012 Celeste and Jesse Forever
17%
Podcast 2022 Conference Call
17%
Podcast 2023 Crowded Hours
17%
TV Pilot 2014 Delirium
17%
TV Show 2004 Drake & Josh
17%
Film 2013 Empire State
17%
Film TBA Expiration Dates
17%
TV Show 2011 Extreme Makeover: Home Edition
17%
Film TBA Fourth Wall
17%
Film 2002 Grand Champion
17%
Film 2009 Hotel for Dogs
17%
Film 2015 I Am Michael
17%
Film 2018 In a Relationship
17%
Film 2010 It's Kind of a Funny Story
17%
TV Show 2010 Jonas
17%
Film 2008 Lymelife
17%
Film TBA Marriage Material
17%
Film 2023 Maybe I Do
17%
Film 2010 Memoirs of a Teenage Amnesiac
17%
Film 2013 Palo Alto
17%
Film 2019 Paradise Hills
17%
TV Show 2006, 2012 Punk'd
17%
TV Show 2021 RuPaul's Drag Race All Stars
17%
TV Show 2021 RuPaul's Drag Race All Stars: Untucked!
17%
Film 2024 Space Cadet
17%
Film 2006 Spymate
17%
TV Show 2011 Take Two with Phineas and Ferb
17%
Film 2011 The Art of Getting By
17%
Film 2015 The Blackcoat's Daughter
17%
Film 2008 The Flight Before Christmas
17%
Short Film 2011 The Girl with the Tramp Stamp Tattoo
17%
TV Show 2007 The Hills
17%
Short Film 2017 The Postman Dreams 2
17%
Film 2009 The Winning Season
17%
Short Film 2018 Time of Day
17%
Film 2010 Twelve
17%
Film 2019 UglyDolls
17%
TV Show 2004-2007 Unfabulous
17%
Film 2010 Virginia
17%
Film 2017 Who We Are Now
17%
Film 2008 Wild Child
17%
Short Film 2015 Emma Roberts Is #AerieReal
0%
No matching quizzes found
Score Distribution
Percent of People with Each Score
Percentile by Number Answered
Your Score History
You have not taken this quiz since the last reset